| 000 | 00645nam a2200217 a 4500 | ||
|---|---|---|---|
| 999 |
_c5487 _d5487 |
||
| 001 | 5487 | ||
| 003 | BD-JhCC | ||
| 005 | 20171218124328.0 | ||
| 008 | 171217b20092011bg a|||| ||a| 000 0 mul d | ||
| 035 | _a(BD-JhCC)5487 | ||
| 040 |
_aBD-JhCC _dBD-JhCC |
||
| 041 | _amul | ||
| 082 |
_a512.13 _bLIN 2009 |
||
| 245 |
_aলিনিয়ার এলজাবরা / _cমোঃ এলিয়াছ হোসেন ...[et. all]. |
||
| 260 |
_aঢাকা : _bTitas Publications, _c2009. |
||
| 300 |
_a472 P. : _c21 cm. |
||
| 650 | _aAlgebra | ||
| 700 | _a হোসেন, মোঃ এলিয়াছ | ||
| 942 |
_2ddc _cBK |
||